00533 a2200181 4500003000500000005001700005040000900022082001000031100002900041245006600070260003600136300001400172650001600186651001900202942000800221999001900229952010300248Nust20170207171856.0 cNust a005.1 aShoaib, Muhammad BESE-18 aInformation Management System cMuhammad Shoaib, Usman Rajput aMCS, NUSTbRawalpindicMay 2016 axii, 60 p aUG Projects aUG CSE Project cPRG c219406d219406 00102ddc40708NFICaMCSbMCSd2016-12-12l0o005.1 SHOpMCSPCS-288r2016-12-08w2016-12-12yBK